000 00766nam a22001937a 4500
999 _c16608
_d16608
003 AR-CdUCM
008 190503b ||||| |||| 00| 0 spa d
040 _aMUNICIPALIDAD PROVINCIAL DEL CUSCO
_cBIBLIOTECA MUNICIPAL DEL CUSCO
082 _a599.736 /
_bR94
100 _aRuiz de Castilla Marín, Mario
_922126
245 _aCamelicultura :
_bAlpacas y llamas del sur del Perú /
260 _aQosqo :
_bMunicipalidad del Qosqo,
_c1994.
300 _a206 paginas ;
_bIlustraciones
_c21 cm.
505 _aContenido :Tratado sobre la crianza de camélidos y aspectos relacionados con los pastos, nutrición, reproducción, genética y productos derivados /
650 _aAuquenidos
_922127
650 _aPeru
_9429
942 _2ddc
_cLIBROS
945 _arjall
_d2019-05-03